000 00784cab a2200241 4500
001 ABS45873
008 090401t1992 xxu||||| |||| 00| 0 eng d
035 _a(Sirsi) u55634
041 _aeng
100 _aAyers, J.
245 _aSpot listing : disease or cure?
260 _c1992
350 _a0
490 _aEstates Gazette
_v(9207) 22 February 1992, 98-110(2)
520 _aLooks at the practice of spot listing, which grew significantly during the 1980s, and suggests a way in which the cure that it offers could be retained while avoiding the disease that it often creates.
650 _aLISTED BUILDINGS
650 _aSPOT LISTING
690 _aCONSERVATION
690 _aPLANNING LAW AND PRACTICE
700 _aMorton, D.
942 _n0
948 _c04/03/1997
999 _c34005
_d34005